| 000 | 00888nam a2200241 a 4500 | ||
|---|---|---|---|
| 001 | 37765 | ||
| 003 | BD-RjUL | ||
| 005 | 20211209052641.0 | ||
| 008 | 161117s1998 ii ||||| b||| 001 0 ben d | ||
| 020 | _a8185471533 | ||
| 035 | _a(BD-RjUL)37869 | ||
| 040 |
_aBD-RjUL _bben _cBD-RjUL |
||
| 041 | _aben | ||
| 082 |
_a398.6 _bBAB 1998 _223 |
||
| 100 |
_aবসাক, শীলা _9116966 |
||
| 245 |
_aবাংলা ধাঁধার বিষয়বৈচিত্র ও সামাজিক পরিচয় / _cশীলা বসাক |
||
| 250 | _aদ্বিতীয় সংস্করণ | ||
| 260 |
_aকলকাতা : _bপুস্তক বিপণি, _c১৯৯৮ |
||
| 300 |
_a৪০০ পৃ. : _bচিত্র ; _c২২ সেমি. |
||
| 650 |
_aবাংলা ধাঁধা _9116970 |
||
| 650 |
_aBengali Puzzle _9165101 |
||
| 942 |
_2ddc _cBK |
||
| 999 |
_c37765 _d37765 |
||